| 000 | 00645nam a2200205Ii 4500 | ||
|---|---|---|---|
| 001 | 16074 | ||
| 003 | CO-ViMGA | ||
| 008 | 241108s9999||||xx |||||||||||||| ||und|| | ||
| 020 | _a9789588203836 | ||
| 040 |
_aCO-ViMGA _bspa _erda _cCO-ViMGA |
||
| 041 | 0 | _aunk | |
| 082 | 0 | 4 | _a636.2 C65 |
| 245 | 1 | 0 | _aConviertase en empresario ganadero |
| 264 | 1 | _a[Lugar de publicación no identificado] : Grupo Latino Editores, [Fecha de publicación no identificada] | |
| 300 | _avolumen | ||
| 336 |
_atext _btxt _2rdacontent |
||
| 337 |
_aunmediated _bn _2rdamedia |
||
| 338 |
_avolume _bnc _2rdacarrier |
||
| 940 | _aidficha_siabuc: 15744. -- ficha_no_siabuc:16074 | ||
| 999 |
_c55831 _d55831 |
||